00521nam a2200193 a 4500001001300000003000900013005001700022008004100039020000900080082001700089100002200106245005200128260004100180300000900221500003500230505001700265650002300282700002200305nice12345678IN_TiNIC20260116013018.0050524s1982 cala grp 000 0 eng  ac5000a294.542bRAM aRamiah, G Sundara aPhilosophical Study of the Mysticism of Sankara aCalcuttabK P Bagchi & Companyc1982 a121p aincludes index and biblioraphy2 aBibliography aMysticism-Hinduism1 aRamiah, G Sundara